| 000 | 00621nam a2200205 a 4500 | ||
|---|---|---|---|
| 005 | 20220818063538.0 | ||
| 008 | 090615s2004 cl r 000 0 spa d | ||
| 020 | _a9583015547 | ||
| 035 | _aUPN01000171183 | ||
| 049 | _aI | ||
| 050 | 4 |
_aPZ74.9 _bC3.24 |
|
| 100 | 1 | _aCadavid Moreno, Ana María | |
| 245 | 1 | 0 |
_aBitácora de luna / _cAna María Cadavid. |
| 260 |
_aBogotá : _bPanamericana, _c2004. |
||
| 300 |
_a35 p. : _bprincipalmente il. col. |
||
| 440 | 0 | _aQue pase el tren | |
| 650 | 0 |
_aCuentos infantiles colombianos _94407 |
|
| 650 | 4 |
_aVIAJES INTERPLANETARIOS - _vLITERATURA JUVENIL _98416 |
|
| 905 | _aInfantil | ||
| 999 |
_c143288 _d143288 |
||